| 000 | 01273cab a2200253 4500 | ||
|---|---|---|---|
| 001 | ABS57270 | ||
| 008 | 090401t1997 xxu||||| |||| 00| 0 eng d | ||
| 035 | _a(Sirsi) u79916 | ||
| 041 | _aeng | ||
| 245 | _aHillingdon LBC v ARC Ltd | ||
| 260 | _c1997 | ||
| 350 | _a0 | ||
| 490 |
_aEstates Gazette _v[1997] 29 EG 125-132(8) |
||
| 520 | _aChD 12 June 1997. In December 1980 H made a compulsory purchase order on land to which A held a lease. In April 1982 H served notice to treat and intention to enter, subsequently taking possession. In response A served a notice of claim. The claim in response to works carried out by H was received in January 1992 and rejected. In October 1993 a further claim was turned down. In September 1995 A made reference to the LT who declined jurisdiction to decide whether the claim was statute-barred by the Limitation Act 1980 s9. "Held" limitation period expired. | ||
| 650 | _aCOMPULSORY PURCHASE ACT 1965 S11 | ||
| 650 | _aHILLINGDON LBC V ARC LTD | ||
| 650 | _aLIMITATION ACT 1980 S9 | ||
| 650 | _aLIMITATION PERIOD | ||
| 650 | _aPOSSESSION | ||
| 650 | _aSTATUTE BARRED | ||
| 690 | _aENVIRONMENTAL AND LAND CONSULTANCY-PLANNING AND DEVELOPMENT-COMPULSORY PURCHASE AND COMPENSATION | ||
| 942 | _n0 | ||
| 948 | _c25/07/1997 | ||
| 999 |
_c50295 _d50295 |
||